000 00584cam a22002053a 4500
001 40490
003 PGUSA
005 20140828083914.0
008 120812s2012||||xxu|||||s|||||000 | eng d
040 _aPGUSA
_beng
042 _adc
100 1 _aSullivan, Alan,
_d1868-1947
245 1 4 _aThe White Canoe :
_bAnd other Verse
_h[electronic resource] /
_cAlan Sullivan
260 _bProject Gutenberg,
_c2012
506 _aPublic domain in the USA.
516 _aElectronic text
830 0 _aProject Gutenberg
_v40490
856 4 0 _uhttp://www.gutenberg.org/ebooks/40490
942 _cEB
999 _c269743
_d269743